Základy ekonómie a ekonomiky

Salvato in:
Dettagli Bibliografici
Autore principale: Hontyová, Kajetána
Altri autori: Lisý, Ján, Majdúchová, Helena, 1963-, Korčmároš, Ján, Neumannová, Anna
Natura: Libro
Lingua:slovacco
Pubblicazione: Bratislava Vydavateľstvo EKONÓM 2008
Edizione:aktualiz. a preprac. vyd.
Soggetti:
Tags: Aggiungi Tag
Nessun Tag, puoi essere il primo ad aggiungerne!!

MARC

LEADER 00000nam$a2200000$$$4500
001 0071069
005 20240502071842.5
020 |a 978-80-225-2489-6 
041 0 |a slo 
044 |a SK 
245 1 0 |a Základy ekonómie a ekonomiky  |c Kajetana Hontyová, Ján Lisý, Helena Majdúchová 
250 |a aktualiz. a preprac. vyd. 
264 1 |a Bratislava  |b Vydavateľstvo EKONÓM  |c 2008 
300 |a 193 s. 
610 2 0 |a ekonómia 
610 2 0 |a veda ekonomická 
610 2 0 |a myslenie ekonomické 
610 2 0 |a vývoj 
610 2 0 |a trh 
610 2 0 |a ceny 
610 2 0 |a konkurencia 
610 2 0 |a výroba 
610 2 0 |a pôda 
610 2 0 |a trh práce 
610 2 0 |a mzdy 
610 2 0 |a trh kapitálový 
610 2 0 |a podnik 
610 2 0 |a makroekonomika 
610 2 0 |a výkonnosť ekonomiky 
610 2 0 |a vývoj hospodársky 
610 2 0 |a inflácia 
610 2 0 |a nezamestnanosť 
610 2 0 |a štát 
610 2 0 |a politika fiškálna 
610 2 0 |a rast hospodársky 
610 2 0 |a obchod medzinárodný 
610 2 0 |a mena 
610 2 0 |a integrácia ekonomická medzinárodná 
100 1 |a Hontyová, Kajetána 
700 1 |a Lisý, Ján 
700 1 |a Majdúchová, Helena, 1963- 
700 1 |a Korčmároš, Ján 
700 1 |a Neumannová, Anna